Ripening curves estimated for 'Cabernet Sauvignon' grape in the northwest region of the state of São Paulo, Brazil (Registro n. 338163)
[ somente texto ]
| 000 -LÍDER | |
|---|---|
| fixed length control field | 02763nab a2200325 4500 |
| 003 - CÓDIGO MARC DA AGÊNCIA CATALOGADORA | |
| Campo de controle | BR-BrBNA |
| 005 - DATA E HORA DA ÚLTIMA ATUALIZAÇÃO | |
| Campo de controle | 20250914233311.0 |
| 008 - CAMPO DE TAMANHO FIXO | |
| fixed length control field | 250914b2024 bl.ar|pooa||| 00| 0 eng | |
| 040 ## - FONTE DA CATALOGAÇÃO | |
| Agência catalogadora | BR-BrBNA |
| Idioma da catalogação | por |
| 072 ## - CATEGORIA AGRIS | |
| Código AGRIS | F01 ; F02 |
| Código do objeto | 0940 ; 9921 |
| 100 ## - ENTRADA PRINCIPAL - NOME PESSOAL | |
| Nome pessoal | Souza, Reginaldo Teodoro de |
| 100 ## - ENTRADA PRINCIPAL - NOME PESSOAL | |
| Nome pessoal | Conceição, Marco Antônio Fonseca |
| 100 ## - ENTRADA PRINCIPAL - NOME PESSOAL | |
| Nome pessoal | Naves, Rosemeire de Lellis |
| 245 ## - TÍTULO PRINCIPAL | |
| Título principal | Ripening curves estimated for 'Cabernet Sauvignon' grape in the northwest region of the state of São Paulo, Brazil |
| 500 ## - NOTA GERAL | |
| Nota geral | Summaries (En, Pt); 16 ref.; 1 illus.; 1 table |
| 942 ## - ADDED ENTRY ELEMENTS (KOHA) | |
| Koha item type | Analítica |
| 520 ## - NOTA DE RESUMO | |
| Nota de conteúdo | Abstract – The objective of this work was to determine and evaluate the performance of regression models, to estimate the ripening curves of 'Cabernet Sauvignon' grape for the winter harvest in the northwestern region of the state of São Paulo, Brazil. 'Cabernet Sauvignon' plants were grafted onto the 'IAC 766 Campinas' rootstock. The ripening curves were fitted to linear, quadratic, power, logarithmic, and exponential regression models using 2017 data, while the performance of the models was evaluated using 2018 data. As a function of accumulated degree days, the quadratic model for soluble solid content allows to determine the ripening curve of 'Cabernet Sauvignon' grape in the studied region.<br/>Index terms: Vitis vinifera, ripeness index, winter wines |
| 520 ## - NOTA DE RESUMO | |
| Nota de conteúdo | Resumo – O objetivo deste trabalho foi determinar e avaliar o desempenho de modelos de regressão, para estimar curvas de maturação de uvas 'Cabernet Sauvignon' para a colheita de inverno na região noroeste do estado de São Paulo, Brasil. As plantas de 'Cabernet Sauvignon' foram enxertadas sobre o<br/>porta-enxerto 'IAC 766 Campinas'. As curvas de maturação foram ajustadas a modelos de regressão linear, quadrática, potencial, logarítmica e exponencial, tendo-se utilizado dados de 2017, enquanto o desempenho dos modelos foi avaliado com dados de 2018. Em função dos graus-dia acumulados, o modelo quadrático do conteúdo de sólidos solúveis permite determinar a curva de maturação de uvas 'Cabernet Sauvignon' na região estudada. Termos para indexação: Vitis vinifera, índice de maturação, vinhos de inverno. |
| 650 ## - ASSUNTO - THESAGRO | |
| Cabeçalho tópico ou nome geográfico | UVA |
| 650 ## - ASSUNTO - THESAGRO | |
| Cabeçalho tópico ou nome geográfico | VITIS VINIFERA |
| 650 ## - ASSUNTO - THESAGRO | |
| Cabeçalho tópico ou nome geográfico | ENXERTIA |
| 650 ## - ASSUNTO - THESAGRO | |
| Cabeçalho tópico ou nome geográfico | MATURAÇÃO |
| 650 ## - ASSUNTO - THESAGRO | |
| Cabeçalho tópico ou nome geográfico | COLHEITA |
| 650 ## - ASSUNTO - THESAGRO | |
| Cabeçalho tópico ou nome geográfico | INVERNO |
| 650 ## - ASSUNTO - THESAGRO | |
| Cabeçalho tópico ou nome geográfico | VINHO |
| 650 ## - ASSUNTO - THESAGRO | |
| Cabeçalho tópico ou nome geográfico | NOROESTE DE SÃO PAULO |
| 773 0# - ENTRADA ANALÍTICA | |
| Host Biblionumber | 920 |
| Registro do item | 357578 |
| Imprenta | Brasília-DF Empresa Brasileira de Pesquisa Agropecuária - EMBRAPA 1966- |
| Outro identificador | 2025-5543 |
| Título | Pesquisa Agropecuária Brasileira (Brazil) |
| ISSN | 0100-204X |
| Colação | v. 59 p. 1-5; (2024) |
| Número de controle de registro | BR2025002427 |
| 856 ## - ACESSO E ENDEREÇO ELETRÔNICO | |
| Identificador uniforme de recurso - URI | https://www.scielo.br/j/pab/a/twPDfym5hctvkjnqRCC4Dbn/?format=pdf&lang=en |
Nenhum exemplar disponível.

BINAGRI